Geography Quiz

Random Geography or City Quiz
Score 0/9 Timer 03:00
0 Plays Today
Censuses City % Correct
1910-2010Billings
98%
1890-2010Helena
96.8%
1910-2010Missoula
92.7%
1900-2010Great Falls
91.5%
1890-2010Butte
89.2%
1950-2010Bozeman
88.9%
1960-2010Kalispell
67.6%
1910-1960; 1980-1990Anaconda
56%
1960-1990Havre
52.2%
Remove Ads.
Support Sporcle.
Get the best of Sporcle when you Go Orange. This ad-free experience offers more features, more stats, and more fun while also helping to support Sporcle. Thank you for becoming a member.

You're not logged in!

Compare scores with friends on all Sporcle quizzes.
OR
Log In

Sporcle TV

Today on Sporcle TV


Watch our educational content, quiz creation guides, and fun videos on Sporcle TV.

Show Comments

Extras

Top Quizzes Today


Score Distribution

Paid Content

Your Account Isn't Verified!

In order to create a playlist on Sporcle, you need to verify the email address you used during registration. Go to your Sporcle Settings to finish the process.

Report this User

Report this user for behavior that violates our Community Guidelines.

Details: